|
|
|
|
| LEADER |
02731nam a22003734a 4500 |
| 001 |
35627 |
| 003 |
BD-DhAAL |
| 005 |
20211206104642.0 |
| 008 |
191224t2004 caua b 001 0 eng d |
| 999 |
|
|
|c 42097
|d 42097
|
| 010 |
|
|
|a 2004007972
|
| 020 |
|
|
|a 1412904277 (pbk.)
|
| 020 |
|
|
|a 9781412904278
|
| 040 |
|
|
|a DLC
|c DLC
|d DLC
|d BD-DhAAL
|
| 042 |
|
|
|a pcc
|
| 043 |
|
|
|a n-us---
|
| 050 |
0 |
0 |
|a LC3993.2
|b .D33 2004
|
| 082 |
0 |
0 |
|a 371.95
|2 22
|
| 245 |
0 |
0 |
|a Definitions and conceptions of giftedness /
|c edited by Robert J. Sternberg
|
| 260 |
|
|
|a Thousand Oaks, Calif. :
|b Corwin Press,
|c c2004.
|
| 300 |
|
|
|a xxvi, 182 pages :
|b illustrations ;
|c 26 cm.
|
| 440 |
|
0 |
|a Essential readings in gifted education ;
|v 1
|9 38544
|
| 500 |
|
|
|a "A joint publication of Corwin Press and the National Association for Gifted Children."
|
| 504 |
|
|
|a Includes bibliographical references and index.
|
| 505 |
0 |
|
|a Introduction to Definitions and conceptions of giftedness / Robert J. Sternberg -- The nature of giftedness and talent / A. Harry Passow -- What do we mean by giftedness? : a pentagonal implicit theory / Robert J. Sternberg, Li-fang Zhang -- Moving into the mainstream? : reflections on the study of giftedness / Nancy Ewald Jackson -- Metacognition, intelligence, and giftedness / Bruce M. Shore, Arlene C. Dover -- Divergent thinking, creativity, and giftedness / Mark A. Runco -- Wisdom as a form of giftedness / Robert J. Sternberg -- Giftedness and talent : reexamining a reexamination of the definitions / Françoys Gagné -- Profiles of the gifted and talented / George T. Betts, Maureen Neihart -- Childhood traits and environmental conditions of highly eminent adults / Herbert J. Walberg ... [et al.] -- Developmental potential of the gifted / Michael M. Piechowski, Nicholas Colangelo -- Child prodigies : a distinctive form of giftedness / David Henry Feldman -- A developmental view of giftedness / Frances Degen Horowitz -- Wherefore art thou, multiple intelligences? : alternative assessments for identifying talent in ethnically diverse and low income students / Jonathan A. Plucker, Carolyn M. Callahan, and Ellen M. Tomchin.
|
| 526 |
|
|
|a BIED
|
| 541 |
|
|
|a Complimentary copy from BIED
|e 35627
|
| 650 |
|
0 |
|a Gifted children
|x Education
|z United States.
|9 38545
|
| 650 |
|
0 |
|a Gifted children
|x Psychology.
|9 38546
|
| 700 |
1 |
|
|a Sternberg, Robert J.
|9 38547
|
| 710 |
2 |
|
|a National Association for Gifted Children (U.S.)
|9 38548
|
| 852 |
|
|
|a Ayesha Abed Library
|c BIED Collection
|
| 942 |
|
|
|2 ddc
|c BK
|
| 952 |
|
|
|0 0
|1 0
|2 ddc
|4 0
|6 371_950000000000000_DEF
|7 0
|9 67540
|a BRACUL
|b BRACUL
|c GEN
|d 2019-12-24
|e Complimentary copy from BIED
|l 0
|o 371.95 DEF
|p 3010035627
|r 2019-12-24
|t 1
|w 2019-12-24
|y BK
|x Transferred from BIED to General Stacks
|